[Event "3. Open Stadium Casablanca 2009"]
[Site "Zaragoza ESP"]
[Date "2009.12.29"]
[Round "5.10"]
[White "Ramiro Ovejero, Juan Luis"]
[Black "Juberias Segura, Santiago"]
[Result "1-0"]
[WhiteElo "2386"]
[BlackElo "2112"]
[PlyCount "107"]
[EventDate "2009.12.26"]
[EventType "swiss"]
[EventRounds "9"]
[EventCountry "ESP"]
[Source "lmi"]
[SourceDate "2009.12.26"]

1. d4 Nf6 2. Nf3 g6 3. c4 Bg7 4. Nc3 d6 5. e4 O-O 6. Be2 e5 7. O-O Nc6 8. d5
Ne7 9. Ne1 Ne8 10. Nd3 f5 11. Bd2 Nf6 12. f3 f4 13. c5 g5 14. Rc1 h5 15. Nb5
Ne8 16. Ba5 b6 17. cxd6 cxd6 18. Be1 a6 19. Nc3 Bd7 20. a4 Qb8 21. Nb4 Qb7 22.
Bf2 Nc7 23. Qb3 Kh7 24. Rfd1 Rfd8 25. Nc2 Rab8 26. Ra1 Bf8 27. Na3 Kg7 28. Nc4
Nc8 29. Kh1 Be7 30. g3 fxg3 31. hxg3 Bf6 32. Kg2 Na8 33. Rh1 Rh8 34. Rh2 Qc7
35. Ne3 b5 36. axb5 axb5 37. Qb4 Kg6 38. Ra5 Be8 39. Nf5 h4 40. gxh4 gxh4 41.
Bxb5 h3+ 42. Rxh3 Rxh3 43. Kxh3 Bd7 44. Qa4 Ncb6 45. Qa1 Rh8+ 46. Kg2 Bxb5 47.
Nxb5 Qh7 48. Bg3 Qh3+ 49. Kf2 Rc8 50. Ne3 Bg5 51. Qf1 Qh6 52. Ra7 Bf6 53. Qg2
Nc4 54. Bh4+ 1-0

[Event "3. Open Stadium Casablanca 2009"]
[Site "Zaragoza ESP"]
[Date "2009.12.30"]
[Round "6.1"]
[White "Leon Hoyos, Manuel"]
[Black "Cruz, Cristhian"]
[Result "0-1"]
[WhiteElo "2516"]
[BlackElo "2523"]
[PlyCount "96"]
[EventDate "2009.12.26"]
[EventType "swiss"]
[EventRounds "9"]
[EventCountry "ESP"]
[Source "lmi"]
[SourceDate "2009.12.26"]

1. e4 c5 2. Nc3 d6 3. d4 cxd4 4. Qxd4 Nc6 5. Bb5 Bd7 6. Bxc6 Bxc6 7. Bg5 Nf6 8.
O-O-O e6 9. f4 Be7 10. Nf3 O-O 11. Qd3 Qa5 12. Nd4 Rac8 13. h4 Rfe8 14. Kb1 h6
15. f5 Bd7 16. Bf4 Rxc3 17. bxc3 e5 18. Nb3 Qa4 19. Bg5 Bb5 20. Qf3 Nxe4 21.
Bxe7 Be2 22. Rd4 Bxf3 23. Rxa4 Nxc3+ 24. Kc1 Nxa4 25. Bxd6 Bxg2 26. Rg1 Bd5 27.
f6 g6 28. Re1 e4 29. Nd4 Kh7 30. Be7 Nb6 31. Nb5 g5 32. a4 Rg8 33. Nc7 Bc6 34.
hxg5 Rxg5 35. Ne6 fxe6 36. f7 Nd7 37. Bxg5 hxg5 38. a5 Kg7 39. Rg1 Kxf7 40.
Rxg5 a6 41. Kd2 Ke7 42. c4 Kf6 43. Rh5 Ne5 44. Kc3 e3 45. Rh1 Kf5 46. Kd4 Ng4
47. Rh5+ Kf4 48. Kc3 Kf3 0-1

[Event "3. Open Stadium Casablanca 2009"]
[Site "Zaragoza ESP"]
[Date "2009.12.30"]
[Round "6.2"]
[White "Matamoros Franco, Carlos S"]
[Black "Ramiro Ovejero, Juan Luis"]
[Result "1/2-1/2"]
[WhiteElo "2541"]
[BlackElo "2386"]
[PlyCount "33"]
[EventDate "2009.12.26"]
[EventType "swiss"]
[EventRounds "9"]
[EventCountry "ESP"]
[Source "lmi"]
[SourceDate "2009.12.26"]

1. c4 e5 2. g3 Nf6 3. Bg2 c6 4. d4 e4 5. Nc3 Bb4 6. Bg5 Bxc3+ 7. bxc3 d5 8.
cxd5 cxd5 9. f3 exf3 10. Nxf3 Nbd7 11. O-O h6 12. Bxf6 Nxf6 13. Qd3 O-O 14. Nh4
Re8 15. Nf5 Bxf5 16. Rxf5 Re6 17. Rb1 1/2-1/2

[Event "3. Open Stadium Casablanca 2009"]
[Site "Zaragoza ESP"]
[Date "2009.12.30"]
[Round "6.3"]
[White "Cruz, Jonathan"]
[Black "Adla, Diego"]
[Result "0-1"]
[WhiteElo "2343"]
[BlackElo "2498"]
[PlyCount "82"]
[EventDate "2009.12.26"]
[EventType "swiss"]
[EventRounds "9"]
[EventCountry "ESP"]
[Source "lmi"]
[SourceDate "2009.12.26"]

1. d4 d5 2. c4 c6 3. Nf3 Nf6 4. g3 Bf5 5. Nc3 e6 6. Bg2 Nbd7 7. O-O dxc4 8. Nd2
Nb6 9. e4 Bg6 10. Ndb1 e5 11. dxe5 Qxd1 12. Rxd1 Nfd7 13. f4 Bc5+ 14. Kf1 Bh5
15. Re1 g5 16. a4 a5 17. Na3 gxf4 18. gxf4 Rg8 19. Nc2 Rg4 20. Ne2 O-O-O 21.
Ne3 Rh4 22. h3 Bxe2+ 23. Kxe2 Rxf4 24. Ng4 Rxg4 25. hxg4 Nxe5 26. g5 Rd3 27.
Rh1 Nbd7 28. Rxh7 Nf8 29. Rh8 Kd7 30. Rh3 Ne6 31. Rxd3+ cxd3+ 32. Kd1 Nd4 33.
b3 Nxb3 34. Rb1 Nxc1 35. Kxc1 Bb4 36. Kb2 c5 37. Rf1 c4 38. Rf5 c3+ 39. Kb3 c2
40. Bh3 Kd6 41. Rf1 Ba3 0-1

[Event "3. Open Stadium Casablanca 2009"]
[Site "Zaragoza ESP"]
[Date "2009.12.30"]
[Round "6.4"]
[White "Oms Pallisse, Josep"]
[Black "Vega Gutierrez, Sabrina"]
[Result "1-0"]
[WhiteElo "2490"]
[BlackElo "2352"]
[PlyCount "161"]
[EventDate "2009.12.26"]
[EventType "swiss"]
[EventRounds "9"]
[EventCountry "ESP"]
[Source "lmi"]
[SourceDate "2009.12.26"]

1. c4 e5 2. Nc3 Nf6 3. Nf3 Nc6 4. e3 Bb4 5. Qc2 O-O 6. Nd5 Re8 7. Qf5 d6 8.
Nxf6+ Qxf6 9. Qxf6 gxf6 10. a3 Bc5 11. b4 Bb6 12. Bb2 a5 13. b5 Ne7 14. d4 a4
15. O-O-O Be6 16. Be2 Ba5 17. Nd2 Nc8 18. Ne4 Kg7 19. g4 Nb6 20. d5 Bc8 21. Ng3
Nd7 22. Bd3 Rh8 23. Kc2 Kf8 24. Bf5 Ke7 25. h4 Nc5 26. g5 Bxf5+ 27. Nxf5+ Kd7
28. f3 Rag8 29. Rhg1 Kc8 30. Rg4 Nd7 31. Rdg1 Bb6 32. Kd3 Rg6 33. R1g2 Rhg8 34.
f4 fxg5 35. hxg5 f6 36. Nh6 Rf8 37. f5 Rxg5 38. Rxg5 fxg5 39. Rxg5 Nc5+ 40. Ke2
Ne4 41. Rg7 Rf6 42. Rxh7 Ng3+ 43. Kd3 Nxf5 44. Rh8+ Kd7 45. Rh7+ Ke8 46. Nxf5
Rxf5 47. Rh2 Rf3 48. Bc1 Rf1 49. Bd2 Rb1 50. Ke4 Kf7 51. Bb4 Rc1 52. Kd3 e4+
53. Kxe4 Rxc4+ 54. Kd3 Rc1 55. Rh7+ Kg6 56. Re7 Rd1+ 57. Ke4 Rc1 58. Kd3 Rd1+
59. Ke4 Rc1 60. Re8 Bc5 61. Bxc5 Rxc5 62. b6 cxb6 63. Re6+ Kf7 64. Rxd6 Rb5 65.
Ke5 Rb3 66. Kd4 Ke7 67. Rh6 b5 68. Rh7+ Kd8 69. Rxb7 Kc8 70. Rb6 Kc7 71. Rc6+
Kd7 72. Rc3 Rb1 73. e4 Rd1+ 74. Ke5 Re1 75. Kd4 Rd1+ 76. Rd3 Rc1 77. Rh3 Rc4+
78. Ke5 Kd8 79. Kd6 Ke8 80. e5 b4 81. e6 1-0

[Event "3. Open Stadium Casablanca 2009"]
[Site "Zaragoza ESP"]
[Date "2009.12.30"]
[Round "6.6"]
[White "Garza Marco, Sergio"]
[Black "Calzetta Ruiz, Monica"]
[Result "1-0"]
[WhiteElo "2452"]
[BlackElo "2373"]
[PlyCount "77"]
[EventDate "2009.12.26"]
[EventType "swiss"]
[EventRounds "9"]
[EventCountry "ESP"]
[Source "lmi"]
[SourceDate "2009.12.26"]

1. d4 Nf6 2. c4 c5 3. d5 b5 4. cxb5 a6 5. bxa6 g6 6. Nc3 Bxa6 7. Nf3 d6 8. g3
Bg7 9. Bg2 O-O 10. O-O Ne8 11. Re1 Nc7 12. e4 Nd7 13. Rb1 Nb5 14. Ne2 Qa5 15.
a4 Nc7 16. b3 Bxe2 17. Qxe2 Rfb8 18. Bg5 Qa6 19. Qc2 Ne5 20. Nxe5 Bxe5 21. Bf1
Qc8 22. Kg2 Rb6 23. Bxe7 f6 24. f4 Bd4 25. e5 fxe5 26. fxe5 Bxe5 27. Rxe5 dxe5
28. Bc4 Qb7 29. Bxc5 Rf6 30. Kg1 Kg7 31. Re1 Na6 32. Ba3 Qb6+ 33. Kg2 Nb4 34.
Qd2 Raf8 35. Rf1 Rxf1 36. Bxf1 Rb8 37. Bb5 Na6 38. Qe2 Qd4 39. Bc4 1-0

[Event "3. Open Stadium Casablanca 2009"]
[Site "Zaragoza ESP"]
[Date "2009.12.30"]
[Round "6.7"]
[White "Cruz, Filemon"]
[Black "Forcen Esteban, Daniel"]
[Result "1-0"]
[WhiteElo "2412"]
[BlackElo "2327"]
[PlyCount "57"]
[EventDate "2009.12.26"]
[EventType "swiss"]
[EventRounds "9"]
[EventCountry "ESP"]
[Source "lmi"]
[SourceDate "2009.12.26"]

1. Nf3 d6 2. d4 Nf6 3. c4 g6 4. Nc3 Bg7 5. Bf4 O-O 6. e3 Nbd7 7. h3 c6 8. Be2
a6 9. a4 a5 10. O-O Qe8 11. Bh2 Kh8 12. Qb3 Qd8 13. Rfd1 Qb6 14. Qa2 h6 15.
Rac1 Kg8 16. e4 e5 17. c5 dxc5 18. dxe5 Ne8 19. Bc4 Nc7 20. Rd6 Qb4 21. e6 Nxe6
22. Bxe6 fxe6 23. Rxe6 Kh7 24. Rd1 Nf6 25. Re7 Nh5 26. Be5 Bxh3 27. gxh3 Rxf3
28. Rdd7 c4 29. Rxg7+ 1-0

[Event "3. Open Stadium Casablanca 2009"]
[Site "Zaragoza ESP"]
[Date "2009.12.30"]
[Round "6.8"]
[White "Matnadze, Ana"]
[Black "Moreno Gracia, Daniel"]
[Result "0-1"]
[WhiteElo "2401"]
[BlackElo "2323"]
[PlyCount "90"]
[EventDate "2009.12.26"]
[EventType "swiss"]
[EventRounds "9"]
[EventCountry "ESP"]
[Source "lmi"]
[SourceDate "2009.12.26"]

1. d4 d5 2. Nf3 c6 3. g3 Nf6 4. Bg2 Bf5 5. O-O e6 6. c4 Nbd7 7. Nc3 dxc4 8. Nh4
Bg4 9. a4 Bb4 10. Bg5 Qa5 11. Bd2 O-O 12. h3 Bf5 13. g4 Bg6 14. f4 Qb6 15. Be1
Bxc3 16. bxc3 Be4 17. a5 Qc7 18. g5 Bxg2 19. Nxg2 Ne4 20. Qa4 Nd6 21. Ne3 b5
22. axb6 Nxb6 23. Qa5 Rfc8 24. Bg3 Nd5 25. Qxc7 Rxc7 26. Nxd5 cxd5 27. f5 Rc6
28. fxe6 fxe6 29. Rab1 Ne4 30. Be5 Rb6 31. h4 Nxc3 32. Ra1 a5 33. h5 a4 34. g6
hxg6 35. hxg6 Rb7 36. Ra3 Ne4 37. Kg2 c3 38. Rh1 Rb3 39. Rh7 Nf6 40. Bxf6 gxf6
41. Ra1 c2 42. Rah1 Rb1 43. R1h6 c1=Q 44. Rh8+ Kg7 45. R8h7+ Kf8 0-1

[Event "3. Open Stadium Casablanca 2009"]
[Site "Zaragoza ESP"]
[Date "2009.12.30"]
[Round "6.9"]
[White "Antoli Royo, Joaquin Miguel"]
[Black "Romon Poves, Raul"]
[Result "1-0"]
[WhiteElo "2390"]
[BlackElo "2284"]
[PlyCount "141"]
[EventDate "2009.12.26"]
[EventType "swiss"]
[EventRounds "9"]
[EventCountry "ESP"]
[Source "lmi"]
[SourceDate "2009.12.26"]

1. e4 e5 2. Bc4 Nf6 3. d3 Nc6 4. Nc3 Bc5 5. f4 d6 6. Nf3 a6 7. f5 h6 8. a3 Nd4
9. Ba2 c6 10. Nxd4 exd4 11. Nb1 b5 12. Bf4 Bb6 13. Nd2 Bc7 14. Qf3 Bb7 15. g4
Qe7 16. O-O-O O-O-O 17. Rde1 c5 18. Qg3 Rde8 19. Kb1 Bc6 20. Nf3 Nd7 21. g5
hxg5 22. Nxg5 Ref8 23. Rhg1 Ne5 24. Nf3 Rh7 25. Ng5 Rhh8 26. Nf3 Rh7 27. Bg5
Qd7 28. Re2 Rfh8 29. h4 Kb7 30. f6 g6 31. Rh2 a5 32. Rgh1 Ng4 33. Rg2 Ne5 34.
Rgh2 Ng4 35. Re2 Ne5 36. Reh2 Ng4 37. Rh3 Ne5 38. Bf4 Nxf3 39. Qxf3 Rh5 40. Bg5
Kb6 41. R3h2 Rd8 42. Re2 Rdh8 43. Rg1 Ra8 44. Bd5 b4 45. a4 Re8 46. b3 Rhh8 47.
Rh1 Rh5 48. Rhe1 Rhh8 49. Qg3 Bd8 50. Qf3 Bc7 51. Qg2 Rh5 52. Qg3 Bd8 53. Bc4
Rhh8 54. Rh2 Rh5 55. Bf4 Bxf6 56. Bxd6 Bxh4 57. Rxh4 Rxh4 58. Qxh4 Qxd6 59.
Bxf7 Re5 60. Rg1 Qe7 61. Qf2 g5 62. Bc4 Bd7 63. Qg3 g4 64. Rf1 Qd6 65. Rf7 Be8
66. Rg7 Bd7 67. Rxd7 Qxd7 68. Qxe5 Qh7 69. Qd6+ Ka7 70. Qxc5+ Kb8 71. Qb6+ 1-0

[Event "3. Open Stadium Casablanca 2009"]
[Site "Zaragoza ESP"]
[Date "2009.12.30"]
[Round "6.10"]
[White "Quintin Navarro, Alberto"]
[Black "Mogranzini, Roberto"]
[Result "0-1"]
[WhiteElo "2072"]
[BlackElo "2415"]
[PlyCount "150"]
[EventDate "2009.12.26"]
[EventType "swiss"]
[EventRounds "9"]
[EventCountry "ESP"]
[Source "lmi"]
[SourceDate "2009.12.26"]

1. d4 Nf6 2. c4 g6 3. f3 Bg7 4. e4 d6 5. Nc3 O-O 6. Be3 c6 7. Bd3 a6 8. Nge2 b5
9. a3 Nbd7 10. Qd2 Rb8 11. O-O e5 12. d5 bxc4 13. Bxc4 Nb6 14. Ba2 cxd5 15.
exd5 Bb7 16. Ng3 Rc8 17. Nge4 Nc4 18. Bxc4 Rxc4 19. b3 Rc8 20. Bg5 Qb6+ 21. Kh1
Nxe4 22. Nxe4 f5 23. Qf2 Qxf2 24. Nxf2 Bxd5 25. Be7 Rfe8 26. Bxd6 Bxb3 27. Rab1
Bc4 28. Rfe1 e4 29. fxe4 fxe4 30. Bf4 Bd5 31. Ng4 h5 32. Ne3 Bf7 33. Rbc1 Bb2
34. Rxc8 Rxc8 35. a4 Bb3 36. a5 Rc1 37. Rxc1 Bxc1 38. Nd5 Bb2 39. Ne3 Kf7 40.
Kg1 Ke6 41. Kf2 Kd7 42. g4 Bc3 43. gxh5 gxh5 44. Nf5 Bxa5 45. Ke3 Bd5 46. Kd4
Bc6 47. h4 Bb6+ 48. Kc3 Bd8 49. Kd4 a5 50. Ng3 a4 51. Nxh5 Bxh4 52. Be5 Bf2+
53. Kc4 Ke6 54. Bc3 Bd5+ 55. Kb4 Bb3 56. Nf4+ Kd6 57. Ka3 Bc5+ 58. Kb2 Bc4 59.
Ng2 Bf1 60. Ne1 Kd5 61. Ka2 Bc4+ 62. Kb1 Bb3 63. Ng2 Kc4 64. Bg7 Bd1 65. Ka2
Bb3+ 66. Kb1 a3 67. Nf4 Be3 68. Ne2 Bd2 69. Nc1 Bb4 70. Ne2 e3 71. Nc1 Bd1 72.
Bh6 e2 73. Nxe2 Bxe2 74. Bg7 Kb3 75. Ka1 Bd2 0-1

[Event "3. Open Stadium Casablanca 2009"]
[Site "Zaragoza ESP"]
[Date "2009.12.31"]
[Round "7.1"]
[White "Cruz, Cristhian"]
[Black "Garza Marco, Sergio"]
[Result "1/2-1/2"]
[WhiteElo "2523"]
[BlackElo "2452"]
[PlyCount "129"]
[EventDate "2009.12.26"]
[EventType "swiss"]
[EventRounds "9"]
[EventCountry "ESP"]
[Source "lmi"]
[SourceDate "2009.12.26"]

1. d4 d5 2. Nf3 Nf6 3. c4 c6 4. e3 a6 5. Be2 Bg4 6. O-O e6 7. b3 Nbd7 8. h3 Bh5
9. Bb2 Bd6 10. Nbd2 O-O 11. c5 Bxf3 12. gxf3 Bc7 13. f4 Ne4 14. Nxe4 dxe4 15.
Kh2 f5 16. Rg1 Nf6 17. Rg3 Nd5 18. Bc4 Qh4 19. Qg1 Rf7 20. f3 exf3 21. Qf2 Kh8
22. Qxf3 g5 23. Bxd5 exd5 24. Bc1 h5 25. Bd2 g4 26. Qf2 Rg8 27. Kg2 Qe7 28. Kf1
Qe4 29. Qg2 Qd3+ 30. Qe2 Qxe2+ 31. Kxe2 h4 32. Rg2 gxh3 33. Rxg8+ Kxg8 34. Rh1
Rg7 35. Rxh3 Rg2+ 36. Kd1 Bd8 37. Be1 Rg4 38. Ke2 Kf7 39. Bf2 Kg6 40. Kf3 Kh5
41. Rh1 Rg6 42. Rh2 Rg4 43. Rh1 Kg6 44. Rh2 Kh5 45. Rh1 Rg8 46. Rh2 Be7 47. Rh1
Rg7 48. Rg1 Rg4 49. Rh1 Bd8 50. Rh2 Ba5 51. Rh1 Bd8 52. Rh2 Bf6 53. Rh1 Rg8 54.
Be1 Rg7 55. Bf2 Rh7 56. Rg1 Rg7 57. Rh1 Rg8 58. Be1 Rh8 59. Rf1 Re8 60. a4 Rh8
61. a5 Re8 62. b4 Rh8 63. Bf2 Re8 64. Be1 Rh8 65. Bf2 1/2-1/2

[Event "3. Open Stadium Casablanca 2009"]
[Site "Zaragoza ESP"]
[Date "2009.12.31"]
[Round "7.2"]
[White "Moreno Gracia, Daniel"]
[Black "Leon Hoyos, Manuel"]
[Result "1/2-1/2"]
[WhiteElo "2323"]
[BlackElo "2516"]
[PlyCount "127"]
[EventDate "2009.12.26"]
[EventType "swiss"]
[EventRounds "9"]
[EventCountry "ESP"]
[Source "lmi"]
[SourceDate "2009.12.26"]

1. c4 g6 2. Nf3 Bg7 3. Nc3 c5 4. d4 cxd4 5. Nxd4 Nc6 6. Nc2 Nf6 7. e4 O-O 8.
Be2 b6 9. Bg5 Bb7 10. Qd2 Rc8 11. f3 Re8 12. O-O Ne5 13. b3 d6 14. Rac1 Ned7
15. Kh1 Qc7 16. Ne3 Qb8 17. Ned5 e6 18. Nxf6+ Bxf6 19. Rfd1 Red8 20. Nb5 Bxg5
21. Qxg5 Nf8 22. Rd3 Ba6 23. Nc3 Rc5 24. Qd2 b5 25. cxb5 Bxb5 26. Nxb5 Qxb5 27.
Rd1 Qc6 28. Rxd6 Rxd6 29. Qxd6 Qxd6 30. Rxd6 Rc2 31. Bf1 Rxa2 32. Kg1 g5 33.
Ra6 Rb2 34. Rxa7 Rxb3 35. Ra5 h6 36. Rb5 Rc3 37. Kf2 Kg7 38. Rb2 Nd7 39. Be2
Ne5 40. g3 Rxf3+ 41. Bxf3 Nd3+ 42. Ke3 Nxb2 43. Kd4 Kf6 44. e5+ Ke7 45. Bc6 f6
46. Bb5 Nd1 47. Be2 Nb2 48. Bb5 h5 49. h4 g4 50. exf6+ Kxf6 51. Be8 e5+ 52. Ke4
Nc4 53. Bxh5 Nd6+ 54. Kd5 Nf5 55. Kc4 Nd6+ 56. Kd5 Nf5 57. Kc4 Nxg3 58. Bxg4
Ne4 59. Be2 Nd6+ 60. Kd3 Nf5 61. h5 Ng3 62. Ke3 Kg5 63. Bf3 Kf6 64. Bg4 1/2-1/2

[Event "3. Open Stadium Casablanca 2009"]
[Site "Zaragoza ESP"]
[Date "2009.12.31"]
[Round "7.3"]
[White "Adla, Diego"]
[Black "Cruz, Filemon"]
[Result "1/2-1/2"]
[WhiteElo "2498"]
[BlackElo "2412"]
[PlyCount "45"]
[EventDate "2009.12.26"]
[EventType "swiss"]
[EventRounds "9"]
[EventCountry "ESP"]
[Source "lmi"]
[SourceDate "2009.12.26"]

1. c4 f5 2. g3 Nf6 3. Bg2 e6 4. Nf3 d5 5. O-O c6 6. b3 Na6 7. Bb2 Bd6 8. d3 Qe7
9. Ne5 O-O 10. Nd2 Nc5 11. Qc2 a5 12. e4 dxe4 13. dxe4 Qc7 14. f4 Nfd7 15. Nef3
e5 16. exf5 exf4 17. g4 Ne5 18. Nxe5 Bxe5 19. Bxe5 Qxe5 20. Ne4 h5 21. h3 hxg4
22. hxg4 g6 23. Nxc5 1/2-1/2

[Event "3. Open Stadium Casablanca 2009"]
[Site "Zaragoza ESP"]
[Date "2009.12.31"]
[Round "7.4"]
[White "Antoli Royo, Joaquin Miguel"]
[Black "Oms Pallisse, Josep"]
[Result "0-1"]
[WhiteElo "2390"]
[BlackElo "2490"]
[PlyCount "52"]
[EventDate "2009.12.26"]
[EventType "swiss"]
[EventRounds "9"]
[EventCountry "ESP"]
[Source "lmi"]
[SourceDate "2009.12.26"]

1. Nf3 Nf6 2. c4 e6 3. g3 d5 4. d4 dxc4 5. Bg2 Nc6 6. O-O Rb8 7. e3 b5 8. Qe2
Be7 9. Rd1 O-O 10. e4 Nb4 11. Nc3 Nd3 12. Be3 Ng4 13. b3 Nxe3 14. fxe3 Bd7 15.
Rab1 c5 16. bxc4 bxc4 17. Nd2 Rb2 18. Rxb2 Nxb2 19. Rb1 cxd4 20. exd4 Qa5 21.
Rc1 Rc8 22. Rc2 h6 23. e5 Qb6 24. Nf3 Nd3 25. Ne4 Ba4 26. Rc3 Bb4 0-1

[Event "3. Open Stadium Casablanca 2009"]
[Site "Zaragoza ESP"]
[Date "2009.12.31"]
[Round "7.5"]
[White "Glavina, Pablo"]
[Black "Matamoros Franco, Carlos S"]
[Result "1/2-1/2"]
[WhiteElo "2461"]
[BlackElo "2541"]
[PlyCount "22"]
[EventDate "2009.12.26"]
[EventType "swiss"]
[EventRounds "9"]
[EventCountry "ESP"]
[Source "lmi"]
[SourceDate "2009.12.26"]

1. d4 d5 2. c4 c6 3. cxd5 cxd5 4. Nc3 Nc6 5. Bf4 Bf5 6. Nf3 Nf6 7. e3 e6 8. Qb3
Bb4 9. Bb5 O-O 10. O-O Bxc3 11. Bxc6 bxc6 1/2-1/2

[Event "3. Open Stadium Casablanca 2009"]
[Site "Zaragoza ESP"]
[Date "2009.12.31"]
[Round "7.6"]
[White "Estremera Panos, Sergio"]
[Black "Franco Ocampos, Zenon"]
[Result "1/2-1/2"]
[WhiteElo "2380"]
[BlackElo "2516"]
[PlyCount "23"]
[EventDate "2009.12.26"]
[EventType "swiss"]
[EventRounds "9"]
[EventCountry "ESP"]
[Source "lmi"]
[SourceDate "2009.12.26"]

1. e4 e5 2. Nf3 Nc6 3. Bb5 a6 4. Ba4 Nf6 5. O-O Be7 6. Re1 b5 7. Bb3 d6 8. c3
O-O 9. h3 Bb7 10. d4 Re8 11. Ng5 Rf8 12. Nf3 1/2-1/2

[Event "3. Open Stadium Casablanca 2009"]
[Site "Zaragoza ESP"]
[Date "2009.12.31"]
[Round "7.7"]
[White "Mogranzini, Roberto"]
[Black "Lopez Gracia, Fernando"]
[Result "1/2-1/2"]
[WhiteElo "2415"]
[BlackElo "2315"]
[PlyCount "50"]
[EventDate "2009.12.26"]
[EventType "swiss"]
[EventRounds "9"]
[EventCountry "ESP"]
[Source "lmi"]
[SourceDate "2009.12.26"]

1. e4 c5 2. Nf3 e6 3. d4 cxd4 4. Nxd4 Nc6 5. Nc3 Qc7 6. g3 d6 7. Bg2 a6 8. O-O
Bd7 9. Re1 Be7 10. Nxc6 Bxc6 11. Qg4 h5 12. Qe2 h4 13. a4 hxg3 14. hxg3 Kf8 15.
a5 Nf6 16. Be3 e5 17. Nd5 Nxd5 18. exd5 Bb5 19. Qd2 Qc4 20. b3 Qg4 21. c4 Bd7
22. Qe2 Qg6 23. b4 Bf5 24. Ra3 Qh7 25. g4 Bd7 1/2-1/2

[Event "3. Open Stadium Casablanca 2009"]
[Site "Zaragoza ESP"]
[Date "2009.12.31"]
[Round "7.8"]
[White "Ramiro Ovejero, Juan Luis"]
[Black "Matnadze, Ana"]
[Result "0-1"]
[WhiteElo "2386"]
[BlackElo "2401"]
[PlyCount "86"]
[EventDate "2009.12.26"]
[EventType "swiss"]
[EventRounds "9"]
[EventCountry "ESP"]
[Source "lmi"]
[SourceDate "2009.12.26"]

1. d4 Nf6 2. Nf3 e6 3. Bg5 h6 4. Bxf6 Qxf6 5. e4 d6 6. Nc3 g6 7. Qd2 h5 8. e5
Qe7 9. Ne4 Bh6 10. Qb4 dxe5 11. Qxe7+ Kxe7 12. Nxe5 Rd8 13. c3 Nd7 14. g3 f5
15. Nxd7 Bxd7 16. Nc5 Bc6 17. Rg1 e5 18. Nb3 e4 19. Na5 Be8 20. Nxb7 Rdb8 21.
Ba6 Rxb7 22. Bxb7 Rb8 23. Bd5 Rxb2 24. f4 exf3 25. Bxf3 Bd2+ 26. Kf2 Bxc3+ 27.
Ke3 Bd2+ 28. Kf2 Bc3+ 29. Ke3 Rxh2 30. Rh1 Bd2+ 31. Kd3 Bb5+ 32. Kc2 Rf2 33.
Bd5 c6 34. a4 Ba5+ 35. Kb3 Bd3 36. Bxc6 Bc2+ 37. Kc4 Kd6 38. Be8 Rf3 39. Kb5
Bc3 40. Ka6 Bxa1 41. Rxa1 Rxg3 42. Kxa7 h4 43. Re1 Be4 0-1

[Event "3. Open Stadium Casablanca 2009"]
[Site "Zaragoza ESP"]
[Date "2009.12.31"]
[Round "7.9"]
[White "Calzetta Ruiz, Monica"]
[Black "Juberias Segura, Santiago"]
[Result "1/2-1/2"]
[WhiteElo "2373"]
[BlackElo "2112"]
[PlyCount "40"]
[EventDate "2009.12.26"]
[EventType "swiss"]
[EventRounds "9"]
[EventCountry "ESP"]
[Source "lmi"]
[SourceDate "2009.12.26"]

1. e4 e5 2. Nf3 Nf6 3. d4 exd4 4. e5 Ne4 5. Qxd4 d5 6. exd6 Nxd6 7. Bd3 Nc6 8.
Qf4 g6 9. O-O Bg7 10. Re1+ Be6 11. Bd2 Qf6 12. Qa4 Qxb2 13. Na3 O-O 14. Reb1
Qf6 15. Bg5 Qc3 16. Nb5 Nxb5 17. Qxb5 Ne5 18. Qxb7 Nxd3 19. cxd3 Qxd3 20. Rd1
Qa3 1/2-1/2

[Event "3. Open Stadium Casablanca 2009"]
[Site "Zaragoza ESP"]
[Date "2009.12.31"]
[Round "7.10"]
[White "Lamas Mercadal, Manuel"]
[Black "Fierro Baquero, Martha L"]
[Result "0-1"]
[WhiteElo "2168"]
[BlackElo "2354"]
[PlyCount "88"]
[EventDate "2009.12.26"]
[EventType "swiss"]
[EventRounds "9"]
[EventCountry "ESP"]
[Source "lmi"]
[SourceDate "2009.12.26"]

1. e4 d6 2. d4 Nf6 3. Nc3 e5 4. Nf3 Nbd7 5. Bc4 Be7 6. O-O O-O 7. Re1 a6 8. a4
b6 9. b3 c6 10. Bb2 Bb7 11. Qe2 b5 12. Bd3 Re8 13. Rad1 Qb6 14. axb5 axb5 15.
d5 b4 16. dxc6 Bxc6 17. Nd5 Bxd5 18. exd5 Ra2 19. Bc1 Nc5 20. Nd2 Qc7 21. Bc4
Rxc2 22. Qe3 Ra8 23. Nf1 Ng4 24. Qg3 Nxf2 25. Rd2 Nfe4 26. Qg4 Nxd2 27. Bxd2
Raa2 28. Rd1 g6 29. Qe2 Bg5 30. Ne3 Ne4 31. Nxc2 Qc5+ 32. Be3 Bxe3+ 33. Qxe3
Rxc2 34. Qxc5 Nxc5 35. Ra1 Kg7 36. Ra8 e4 37. Rd8 e3 38. Kf1 Ne4 39. Bd3 Rf2+
40. Ke1 Nc5 41. Bc4 Rxg2 42. Rxd6 Ne4 43. Rd7 Nc3 44. Kf1 e2+ 0-1

[Event "3. Open Stadium Casablanca 2009"]
[Site "Zaragoza ESP"]
[Date "2010.01.02"]
[Round "8.1"]
[White "Cruz, Filemon"]
[Black "Cruz, Cristhian"]
[Result "0-1"]
[WhiteElo "2412"]
[BlackElo "2523"]
[PlyCount "56"]
[EventDate "2009.12.26"]
[EventType "swiss"]
[EventRounds "9"]
[EventCountry "ESP"]
[Source "lmi"]
[SourceDate "2009.12.26"]

1. Nf3 d5 2. g3 c6 3. Bg2 Bf5 4. O-O e6 5. c4 Nf6 6. b3 Nbd7 7. d3 h6 8. Bb2
Bh7 9. Nbd2 Be7 10. Qc2 O-O 11. Rac1 a5 12. a3 Bd6 13. Qb1 Qe7 14. Qa1 e5 15.
Ne1 d4 16. Ne4 Nxe4 17. dxe4 Nc5 18. Qa2 Bxe4 19. f3 Bh7 20. Rd1 h5 21. Bc1 h4
22. e4 f5 23. exf5 Bxf5 24. Qb2 h3 25. Bh1 e4 26. b4 axb4 27. axb4 Na4 28. Qb3
Nc3 0-1

[Event "3. Open Stadium Casablanca 2009"]
[Site "Zaragoza ESP"]
[Date "2010.01.02"]
[Round "8.2"]
[White "Oms Pallisse, Josep"]
[Black "Leon Hoyos, Manuel"]
[Result "1/2-1/2"]
[WhiteElo "2490"]
[BlackElo "2516"]
[PlyCount "108"]
[EventDate "2009.12.26"]
[EventType "swiss"]
[EventRounds "9"]
[EventCountry "ESP"]
[Source "lmi"]
[SourceDate "2009.12.26"]

1. d4 Nf6 2. c4 e6 3. Nf3 c5 4. d5 d6 5. Nc3 exd5 6. cxd5 g6 7. Nd2 Bg7 8. Nc4
O-O 9. g3 b6 10. a4 Ne8 11. Bg2 Na6 12. Bf4 Nac7 13. Rc1 Ba6 14. b3 b5 15. axb5
Nxb5 16. Nxb5 Bxb5 17. Qd2 a5 18. O-O a4 19. Na3 Bd7 20. Rb1 axb3 21. Rxb3 Ra4
22. Rc1 Bc8 23. Nc4 Ba6 24. Ra3 Rxa3 25. Nxa3 Nf6 26. Nc4 Re8 27. Bf3 Bxc4 28.
Rxc4 Qb6 29. Qa2 Nd7 30. Ra4 Ne5 31. Ra8 Qb5 32. Kg2 h6 33. h4 Kh7 34. Rxe8
Qxe8 35. Qa7 Kg8 36. Qc7 Bf8 37. Qb7 Nxf3 38. Kxf3 f5 39. Qb1 c4 40. e4 g5 41.
hxg5 hxg5 42. Be3 g4+ 43. Ke2 fxe4 44. Qc2 c3 45. Qxc3 Qb5+ 46. Ke1 Qxd5 47.
Qc8 Kf7 48. Qxg4 Bg7 49. Kf1 Bf6 50. Kg2 Ke7 51. Qc8 Kf7 52. Qg4 Ke7 53. Qc8
Kf7 54. Qg4 Ke7 1/2-1/2

[Event "3. Open Stadium Casablanca 2009"]
[Site "Zaragoza ESP"]
[Date "2010.01.02"]
[Round "8.3"]
[White "Garza Marco, Sergio"]
[Black "Adla, Diego"]
[Result "0-1"]
[WhiteElo "2452"]
[BlackElo "2498"]
[PlyCount "90"]
[EventDate "2009.12.26"]
[EventType "swiss"]
[EventRounds "9"]
[EventCountry "ESP"]
[Source "lmi"]
[SourceDate "2009.12.26"]

1. d4 d5 2. c4 c6 3. Nf3 Nf6 4. Nc3 e6 5. Bg5 h6 6. Bxf6 Qxf6 7. e3 g6 8. Bd3
Bg7 9. e4 dxe4 10. Nxe4 Qd8 11. c5 O-O 12. Nd6 b6 13. Qa4 bxc5 14. dxc5 Bxb2
15. Rb1 Bc3+ 16. Ke2 Qc7 17. h4 Nd7 18. Qc2 Bg7 19. h5 g5 20. Rhd1 Rb8 21. Qc4
Rxb1 22. Bxb1 Nf6 23. Qd3 Qa5 24. Nxc8 Rxc8 25. Qc4 Nd5 26. Kf1 Nc3 27. Re1 Rb8
28. Be4 Rb4 29. Qd3 Nxe4 30. Rxe4 Rxe4 31. Qxe4 Qxc5 32. Nd2 Bd4 33. Qd3 Qc3
34. Qxc3 Bxc3 35. Ne4 Bd4 36. Ke2 f5 37. Nd6 Kf8 38. f3 Ke7 39. Nc4 e5 40. Kd3
Ke6 41. g4 fxg4 42. fxg4 Kd5 43. Nd2 c5 44. Nf1 c4+ 45. Ke2 Ke4 0-1